000 00420nam a2200169 i 4500
001 bg
100 1 _aBENDER, Arnold E.
245 0 _aCzłowiek i żywność /
_cA.E. Bender.
260 _aWarszawa,
_c1980.
490 1 _aBiblioteka Problemów ;
_vt.262
830 _aBiblioteka Problemów ;
040 _cBPK
041 _apol
080 _a613.2+63+664
942 _cKS
008 s pl f |000 0 pol
999 _c21552
_d21552
856 _uhttp://koha.tu.koszalin.pl/cgi-bin/koha/opac-detail.pl?biblionumber=21552
_yKatalog online BPK